Математическая модель системы возбуждения синхронной машины; Интеллектуальные энергосистемы; Т. 1

מידע ביבליוגרפי
Parent link:Интеллектуальные энергосистемы: труды I Международного молодёжного форума, 21-25 октября 2013 г., г. Томск/ Национальный исследовательский Томский политехнический университет (ТПУ).— , 2013
Т. 1.— 2013.— [с. 99-101]
מחבר ראשי: Сулайманова В. А. Венера Алмазовна
מחבר תאגידי: Национальный исследовательский Томский политехнический университет (ТПУ) Энергетический институт (ЭНИН) Кафедра электроэнергетических систем (ЭЭС)
מחברים אחרים: Гусев А. С. Александр Сергеевич (научный руководитель)
סיכום:Заглавие с титульного экрана
שפה:רוסית
יצא לאור: 2013
סדרה:Моделирование электроэнергетических сетей
נושאים:
גישה מקוונת:http://www.lib.tpu.ru/fulltext/c/2013/C43/V1/025.pdf
פורמט: אלקטרוני Book Chapter
KOHA link:https://koha.lib.tpu.ru/cgi-bin/koha/opac-detail.pl?biblionumber=603531

MARC

LEADER 00000naa2a2200000 4500
001 603531
005 20260209165040.0
035 |a (RuTPU)RU\TPU\conf\726 
035 |a RU\TPU\conf\723 
090 |a 603531 
100 |a 20140123d2013 k y0rusy50 ca 
101 0 |a rus 
102 |a RU 
135 |a drnn ---uucaa 
181 0 |a i  
182 0 |a b 
200 1 |a Математическая модель системы возбуждения синхронной машины  |f В. А. Сулайманова  |g науч. рук. А. С. Гусев 
203 |a Текст  |c электронный 
225 1 |a Моделирование электроэнергетических сетей 
300 |a Заглавие с титульного экрана 
320 |a [Библиогр.: с. 101 (2 назв.)] 
337 |a Adobe Reader 
461 1 |0 (RuTPU)RU\TPU\conf\68  |t Интеллектуальные энергосистемы  |o труды I Международного молодёжного форума, 21-25 октября 2013 г., г. Томск  |o в 2 т.  |f Национальный исследовательский Томский политехнический университет (ТПУ)  |d 2013 
463 1 |0 (RuTPU)RU\TPU\conf\69  |t Т. 1  |v [с. 99-101]  |d 2013 
610 1 |a труды учёных ТПУ 
610 1 |a электронный ресурс 
610 1 |a математические модели 
610 1 |a системы возбуждения 
610 1 |a синхронные машины 
610 1 |a электроэнергетические машины 
700 1 |a Сулайманова  |b В. А.  |c специалист в области электроэнергетики  |c инженер Томского политехнического университета  |f 1991-  |g Венера Алмазовна  |3 (RuTPU)RU\TPU\pers\35606  |9 18775 
702 1 |a Гусев  |b А. С.  |c специалист в области электроэнергетики  |c профессор Томского политехнического университета  |f 1947-  |g Александр Сергеевич  |4 727 
712 0 2 |a Национальный исследовательский Томский политехнический университет (ТПУ)  |b Энергетический институт (ЭНИН)  |b Кафедра электроэнергетических систем (ЭЭС)  |3 (RuTPU)RU\TPU\col\18675 
801 2 |a RU  |b 63413507  |c 20220112  |g RCR 
856 4 |u http://www.lib.tpu.ru/fulltext/c/2013/C43/V1/025.pdf 
942 |c CF